[Event "Wittelsbach op 11th"]
[Site "Kelheim"]
[Date "2024.12.29"]
[Round "6"]
[White "Martin, Mike"]
[Black "Goldbeck, Lars"]
[Result "0-1"]
[WhiteElo "2052"]
[BlackElo "2392"]
[PlyCount "70"]
[EventDate "2024.12.27"]
[EventType "swiss"]
[EventRounds "7"]
[EventCountry "GER"]
[SourceTitle "CB02_2025"]
[SourceDate "2025.01.08"]
[SourceVersion "1"]
[SourceVersionDate "2025.01.08"]
[SourceQuality "1"]

1. e4 c5 2. Nf3 d6 3. d4 cxd4 4. Nxd4 Nf6 5. Nc3 a6 6. h3 e5 7. Nb3 Be6 8. Be3 Be7 9. g4 d5 10. g5 d4 11. gxf6 Bxf6 12. Bd2 dxc3 13. Bxc3 Nd7 14. Bd3 0-0 15. Qh5 a5 16. Rg1 Qb6 17. Nd2 g6 18. Nf3 Bg7 19. Qh4 f6 20. 0-0-0 Rac8 21. Nh2 a4 22. Ng4 a3 23. Nh6+ Bxh6+ 24. Qxh6 Rf7 25. Be2 Qxf2 26. Bh5 Nf8 27. Qd2 Qxd2+ 28. Bxd2 Rfc7 29. bxa3 Rxc2+ 30. Kb1 Bxa2+ 31. Ka1 Be6 32. Bg4 Ra2+ 33. Kb1 Rxa3 34. Bxe6+ Nxe6 35. Kb2 Rxh3 0-1

[Event "BL2-Sued 1920"]
[Site "Germany"]
[Date "2019.12.07"]
[Round "5.7"]
[White "Martin, Mike"]
[Black "Lodici, Lorenzo"]
[Result "0-1"]
[WhiteElo "2155"]
[BlackElo "2469"]
[PlyCount "48"]
[EventDate "2019.10.19"]
[EventType "team-tourn"]
[EventRounds "11"]
[EventCountry "GER"]
[SourceTitle "CBM 194 Extra"]
[Source "ChessBase"]
[SourceDate "2020.03.31"]
[SourceVersion "1"]
[SourceVersionDate "2020.03.31"]
[SourceQuality "1"]
[WhiteTeam "Worms"]
[BlackTeam "Emmendingen"]
[WhiteTeamCountry "GER"]
[BlackTeamCountry "GER"]

1. e4 c5 2. Nf3 Nc6 3. c3 d5 4. exd5 Qxd5 5. d4 Bf5 6. Be2 cxd4 7. cxd4 Bxb1 8. Rxb1 e6 9. a3 Nf6 10. 0-0 h6 11. Be3 Bd6 12. Ne5 Bxe5 13. dxe5 Qxe5 14. Qb3 Rb8 15. f4 Qf5 16. Bd3 Qa5 17. Rbc1 0-0 18. Rc5 Qc7 19. f5 e5 20. Qc4 Qd6 21. Bb1 Nd4 22. Ba2 b5 23. Qb4 a5 24. Rd5 Qxd5 0-1

[Event "Oberliga Sued W 1819"]
[Site "Germany"]
[Date "2019.02.24"]
[Round "7.7"]
[White "Martin, Mike"]
[Black "Hipler, Andreas"]
[Result "1-0"]
[WhiteElo "2159"]
[BlackElo "1870"]
[PlyCount "37"]
[EventDate "2018.10.21"]
[EventType "team-tourn"]
[EventRounds "9"]
[EventCountry "GER"]
[SourceTitle "EXT 2020"]
[Source "ChessBase"]
[SourceDate "2019.10.17"]
[SourceVersion "1"]
[SourceVersionDate "2019.10.17"]
[SourceQuality "1"]
[WhiteTeam "Worms"]
[BlackTeam "Gau Algesheim"]
[WhiteTeamCountry "GER"]
[BlackTeamCountry "GER"]

1. e4 d5 2. Nc3 dxe4 3. Bc4 Nf6 4. Nge2 Bf5 5. 0-0 e6 6. Ng3 Bg6 7. Qe2 c6 8. Ncxe4 Nbd7 9. d3 Be7 10. f4 0-0 11. f5 exf5 12. Nxf5 Nxe4 13. Qxe4 Bc5+ 14. Kh1 Re8 15. Qf4 Nf6 16. Bd2 Qd7 17. Nxg7 Nh5 18. Nxh5 Bxh5 19. Qg5+ 1-0

[Event "Oberliga Sued W 1819"]
[Site "Germany"]
[Date "2018.10.21"]
[Round "1.7"]
[White "Martin, Mike"]
[Black "Krumm, Johannes"]
[Result "1/2-1/2"]
[WhiteElo "2159"]
[BlackElo "2077"]
[PlyCount "113"]
[EventDate "2018.10.21"]
[EventType "team-tourn"]
[EventRounds "9"]
[EventCountry "GER"]
[SourceTitle "EXT 2020"]
[Source "ChessBase"]
[SourceDate "2019.10.17"]
[SourceVersion "1"]
[SourceVersionDate "2019.10.17"]
[SourceQuality "1"]
[WhiteTeam "Worms"]
[BlackTeam "Altenkirchen"]
[WhiteTeamCountry "GER"]
[BlackTeamCountry "GER"]

1. e4 Nf6 2. Nc3 e5 3. Nf3 Nc6 4. d4 exd4 5. Nxd4 Bb4 6. Nxc6 bxc6 7. Bd3 d6 8. Bd2 Ng4 9. Qe2 0-0 10. 0-0-0 a5 11. f4 Nf6 12. h3 Re8 13. a3 Bc5 14. g4 Rb8 15. g5 Nd7 16. Na4 Bd4 17. c3 Nc5 18. Nxc5 Bxc5 19. h4 Qe7 20. Be3 Bg4 21. Qxg4 Bxe3+ 22. Kc2 c5 23. Rh3 c4 24. Rxe3 cxd3+ 25. Rdxd3 c5 26. Rd2 Qb7 27. Kb1 Rxe4 28. Qf3 Rxe3 29. Qxe3 Qh1+ 30. Ka2 Qc1 31. Re2 Qxe3 32. Rxe3 Kf8 33. Re4 d5 34. Re5 Rd8 35. Kb1 Rd6 36. Kc2 f6 37. Re1 Kf7 38. h5 Rd7 39. b4 cxb4 40. cxb4 axb4 41. axb4 fxg5 42. fxg5 d4 43. Re5 h6 44. g6+ Kf6 45. Rc5 d3+ 46. Kd2 Rd4 47. b5 Ke6 48. b6 Rb4 49. Rc6+ Kf5 50. Rc7 Rxb6 51. Rxg7 Rb2+ 52. Kxd3 Rh2 53. Ra7 Rxh5 54. g7 Rh3+ 55. Ke2 Rg3 56. Kf2 Rg4 57. Kf3 1/2-1/2

[Event "Oberliga Sued W 1718"]
[Site "Germany"]
[Date "2017.11.12"]
[Round "4.8"]
[White "Cahen, Alexis"]
[Black "Martin, Mike"]
[Result "0-1"]
[WhiteElo "1951"]
[BlackElo "2132"]
[PlyCount "54"]
[EventDate "2017.09.10"]
[EventType "team-tourn"]
[EventRounds "11"]
[EventCountry "GER"]
[SourceTitle "EXT 2019"]
[Source "ChessBase"]
[SourceDate "2018.10.10"]
[SourceVersion "1"]
[SourceVersionDate "2018.10.10"]
[SourceQuality "1"]
[WhiteTeam "Saarbruecken SVG"]
[BlackTeam "Worms"]
[WhiteTeamCountry "GER"]
[BlackTeamCountry "GER"]

1. e4 c5 2. Ne2 Nc6 3. c4 g6 4. d4 Bg7 5. d5 Nd4 6. Nbc3 e5 7. dxe6 dxe6 8. Be3 Ne7 9. Qd2 Nec6 10. Rd1 0-0 11. Nb5 e5 12. f4 a6 13. Nbc3 Nb4 14. Bxd4 exd4 15. a3 Qh4+ 16. g3 dxc3 17. bxc3 Qe7 18. cxb4 Qxe4 19. Qd5 Qe3 20. Rd3 Qe8 21. Qxc5 Qe4 22. Qd5 Bf5 23. Rd1 Qe3 24. Bg2 Bg4 25. Qe4 Rfe8 26. Qxe3 Rxe3 27. Bxb7 Rae8 0-1

[Event "Oberliga Sued W 1617"]
[Site "Germany"]
[Date "2017.02.19"]
[Round "7.8"]
[White "Martin, Mike"]
[Black "Buhr, Patrick"]
[Result "1-0"]
[WhiteElo "2090"]
[BlackElo "1774"]
[PlyCount "65"]
[EventDate "2016.09.25"]
[EventType "team-tourn"]
[EventRounds "9"]
[EventCountry "GER"]
[SourceTitle "EXT 2018"]
[Source "ChessBase"]
[SourceDate "2017.10.13"]
[SourceVersion "1"]
[SourceVersionDate "2017.10.13"]
[SourceQuality "1"]
[WhiteTeam "Worms"]
[BlackTeam "Heimbach Weis/Neuwied"]
[WhiteTeamCountry "GER"]
[BlackTeamCountry "GER"]

1. e4 Nf6 2. Nc3 d5 3. exd5 Nxd5 4. Bc4 c6 5. Qf3 e6 6. Nge2 Nd7 7. d4 N7b6 8. Bd3 Qc7 9. 0-0 Be7 10. Nf4 0-0 11. Re1 Nb4 12. Be4 f5 13. Bd3 Nxd3 14. Qxd3 Qd6 15. Qe2 Bf6 16. Be3 Bxd4 17. Bxd4 Qxf4 18. Rad1 Qc7 19. Rd3 Bd7 20. Be5 Qc8 21. Bxg7 Kxg7 22. Rg3+ Kf6 23. Qh5 Ke7 24. Rg7+ Kd6 25. Qg5 Kc7 26. Qf4+ Kd8 27. Rxe6 Qc7 28. Qb4 Rh8 29. Qd4 Kc8 30. Rxd7 Qxd7 31. Qxh8+ Kc7 32. Qe5+ Kd8 33. Rd6 1-0

[Event "Oberliga Sued W 1516"]
[Site "Germany"]
[Date "2016.04.10"]
[Round "9.4"]
[White "Thiery, Christoph"]
[Black "Martin, Mike"]
[Result "1-0"]
[WhiteElo "2223"]
[BlackElo "2090"]
[PlyCount "89"]
[EventDate "2015.09.20"]
[EventType "team-tourn"]
[EventRounds "9"]
[EventCountry "GER"]
[SourceTitle "EXT 2017"]
[Source "ChessBase"]
[SourceDate "2016.10.25"]
[SourceVersion "1"]
[SourceVersionDate "2016.10.25"]
[SourceQuality "1"]
[WhiteTeam "Saarbruecken Gambit"]
[BlackTeam "Worms"]
[WhiteTeamCountry "GER"]
[BlackTeamCountry "GER"]

1. d4 Nf6 2. c4 e5 3. dxe5 Ng4 4. Bf4 Nc6 5. Nf3 Bb4+ 6. Nc3 Qe7 7. Qd5 Bxc3+ 8. bxc3 f6 9. exf6 Nxf6 10. Qd2 d6 11. e3 Ne4 12. Qc2 0-0 13. Bd3 Bf5 14. 0-0 Rae8 15. Rab1 Bc8 16. Nd4 Nd8 17. f3 Nf6 18. Rbe1 Ne6 19. Nxe6 Bxe6 20. Bg5 h6 21. Bh4 g5 22. Bf2 Nd7 23. f4 Nc5 24. Bg3 Nxd3 25. Qxd3 Qf7 26. fxg5 Bxc4 27. Rxf7 Bxd3 28. Rxf8+ Rxf8 29. gxh6 Rf5 30. e4 Rf6 31. e5 Rxh6 32. e6 Kf8 33. Bf4 Rg6 34. h4 Bc4 35. e7+ Ke8 36. Bg5 a5 37. Re4 Bf7 38. Rf4 b6 39. g4 Rg8 40. a3 Be6 41. Kf2 Bf7 42. Bf6 Be6 43. Kg3 Bf7 44. Kh3 Kd7 45. h5 1-0

[Event "Oberliga Sued W 1516"]
[Site "Germany"]
[Date "2016.03.06"]
[Round "8.7"]
[White "Loef, Dirk"]
[Black "Martin, Mike"]
[Result "1/2-1/2"]
[WhiteElo "2113"]
[BlackElo "2090"]
[PlyCount "25"]
[EventDate "2015.09.20"]
[EventType "team-tourn"]
[EventRounds "9"]
[EventCountry "GER"]
[SourceTitle "EXT 2017"]
[Source "ChessBase"]
[SourceDate "2016.10.25"]
[SourceVersion "1"]
[SourceVersionDate "2016.10.25"]
[SourceQuality "1"]
[WhiteTeam "Heidesheim"]
[BlackTeam "Worms"]
[WhiteTeamCountry "GER"]
[BlackTeamCountry "GER"]

1. e4 c5 2. Nc3 Nc6 3. f4 g6 4. Nf3 Bg7 5. Be2 d6 6. 0-0 Bg4 7. Bb5 Qd7 8. h3 Bxf3 9. Qxf3 0-0-0 10. a3 Kb8 11. b4 Nd4 12. Bxd7 Nxf3+ 13. Rxf3 1/2-1/2

[Event "Oberliga Sued W 1516"]
[Site "Germany"]
[Date "2016.02.21"]
[Round "7.7"]
[White "Martin, Mike"]
[Black "Ronge, Tim Hendrick"]
[Result "1/2-1/2"]
[WhiteElo "2090"]
[BlackElo "1927"]
[PlyCount "43"]
[EventDate "2015.09.20"]
[EventType "team-tourn"]
[EventRounds "9"]
[EventCountry "GER"]
[SourceTitle "EXT 2017"]
[Source "ChessBase"]
[SourceDate "2016.10.25"]
[SourceVersion "1"]
[SourceVersionDate "2016.10.25"]
[SourceQuality "1"]
[WhiteTeam "Worms"]
[BlackTeam "Heimbach Weis/Neuwied"]
[WhiteTeamCountry "GER"]
[BlackTeamCountry "GER"]

1. e4 c5 2. Nf3 Nc6 3. a3 d5 4. exd5 Qxd5 5. Nc3 Qd8 6. Bb5 Bd7 7. 0-0 Nf6 8. d4 cxd4 9. Nxd4 Nxd4 10. Qxd4 Bxb5 11. Qxd8+ Rxd8 12. Nxb5 a6 13. Nc3 e6 14. Bg5 Be7 15. Rfd1 h6 16. Bh4 0-0 17. Kf1 Rxd1+ 18. Rxd1 Rc8 19. Rd3 Kf8 20. Bg3 Rc6 21. h3 Ke8 22. Be5 1/2-1/2

[Event "Oberliga Sued W 1516"]
[Site "Germany"]
[Date "2015.11.15"]
[Round "3.7"]
[White "Weyerhauser, Joerg"]
[Black "Martin, Mike"]
[Result "1/2-1/2"]
[WhiteElo "2073"]
[BlackElo "2090"]
[PlyCount "118"]
[EventDate "2015.09.20"]
[EventType "team-tourn"]
[EventRounds "9"]
[EventCountry "GER"]
[SourceTitle "CBM 170 Extra"]
[Source "ChessBase"]
[SourceDate "2016.02.25"]
[SourceVersion "1"]
[SourceVersionDate "2016.02.25"]
[SourceQuality "1"]
[WhiteTeam "Gau Algesheim"]
[BlackTeam "Worms"]
[WhiteTeamCountry "GER"]
[BlackTeamCountry "GER"]

1. d4 Nf6 2. c4 e5 3. dxe5 Ng4 4. Nf3 Bc5 5. e3 Nc6 6. a3 Ngxe5 7. Nxe5 Nxe5 8. b4 Be7 9. Bb2 Bf6 10. Qc2 a5 11. Nd2 axb4 12. axb4 Rxa1+ 13. Bxa1 0-0 14. Be2 Nc6 15. Bc3 Qe7 16. b5 Nb4 17. Qb2 Bxc3 18. Qxc3 c5 19. Bf3 Rd8 20. 0-0 d5 21. Ra1 h6 22. h3 d4 23. exd4 Rxd4 24. Nf1 Rd3 25. Re1 Qd8 26. Qe5 Be6 27. Qxc5 Nc2 28. Rc1 Nd4 29. Ne3 Nxf3+ 30. gxf3 Bxh3 31. Qe5 Be6 32. c5 Bd5 33. Kg2 Rd2 34. c6 bxc6 35. bxc6 f6 36. c7 Bxf3+ 37. Kxf3 fxe5 38. cxd8Q+ Rxd8 39. Rc7 Rf8+ 40. Kg3 h5 41. Rc2 g5 42. Re2 Kg7 43. Nc4 e4 44. Nd2 Kg6 45. Nxe4 h4+ 46. Kg2 Rf4 47. Nd2 g4 48. Re6+ Kg5 49. Re8 Rd4 50. Nf1 Rf4 51. Rg8+ Kh5 52. Rg7 Kh6 53. Rg8 Kh5 54. Nd2 Rd4 55. Nf1 Rf4 56. Rd8 Kg5 57. Rd5+ Kg6 58. Nd2 h3+ 59. Kg3 h2 1/2-1/2

[Event "Oberliga Sued W 1415"]
[Site "Germany"]
[Date "2015.02.22"]
[Round "7.7"]
[White "Klein, Christoph"]
[Black "Martin, Mike"]
[Result "1/2-1/2"]
[WhiteElo "2127"]
[BlackElo "2114"]
[PlyCount "81"]
[EventDate "2014.09.21"]
[EventType "team-tourn"]
[EventRounds "9"]
[EventCountry "GER"]
[SourceTitle "EXT 2019"]
[Source "ChessBase"]
[SourceDate "2018.10.10"]
[SourceVersion "1"]
[SourceVersionDate "2018.10.10"]
[SourceQuality "1"]
[WhiteTeam "Heidesheim"]
[BlackTeam "Worms"]
[WhiteTeamCountry "GER"]
[BlackTeamCountry "GER"]

1. e4 c5 2. Nf3 d6 3. d3 g6 4. g3 Bg7 5. Bg2 e5 6. 0-0 Ne7 7. Nc3 0-0 8. Nd2 Nbc6 9. Nc4 a6 10. a4 b6 11. Ne3 f5 12. f4 Bd7 13. exf5 Nxf5 14. Nxf5 Rxf5 15. Nd5 Rb8 16. c3 Ne7 17. fxe5 Bxe5 18. Bh6 Nxd5 19. Bxd5+ Kh8 20. Rxf5 Bxf5 21. Qd2 Bg7 22. Bf4 Qd7 23. a5 Be5 24. axb6 Rxb6 25. Bc4 Bxf4 26. Qxf4 Rxb2 27. g4 Qb7 28. Qg3 Rb1+ 29. Rxb1 Qxb1+ 30. Kf2 Qb2+ 31. Ke3 Qc1+ 32. Ke2 Qc2+ 33. Ke3 Qc1+ 34. Ke2 Bc8 35. Qf3 Qc2+ 36. Kf1 Qc1+ 37. Kf2 Qd2+ 38. Kf1 Qc1+ 39. Kg2 Qd2+ 40. Kf1 Qc1+ 41. Kf2 1/2-1/2

[Event "Oberliga Sued W 1415"]
[Site "Germany"]
[Date "2014.12.07"]
[Round "4.7"]
[White "Grewenig, Jan"]
[Black "Martin, Mike"]
[Result "0-1"]
[WhiteElo "2036"]
[BlackElo "2112"]
[PlyCount "28"]
[EventDate "2014.09.21"]
[EventType "team-tourn"]
[EventRounds "9"]
[EventCountry "GER"]
[SourceTitle "EXT 2019"]
[Source "ChessBase"]
[SourceDate "2018.10.10"]
[SourceVersion "1"]
[SourceVersionDate "2018.10.10"]
[SourceQuality "1"]
[WhiteTeam "Schwarzenbach Caissa"]
[BlackTeam "Worms"]
[WhiteTeamCountry "GER"]
[BlackTeamCountry "GER"]

1. e4 c5 2. Nf3 d6 3. d4 cxd4 4. Nxd4 Nf6 5. Nc3 g6 6. Be3 Bg7 7. f3 Nc6 8. Qd2 0-0 9. Bc4 Nd7 10. 0-0-0 Nb6 11. Bb3 Na5 12. Bh6 Nbc4 13. Qg5 e5 14. Nde2 Bf6 0-1

[Event "Zweibruecken PSB-ch MAT2 82nd"]
[Site "Zweibruecken"]
[Date "2013.03.29"]
[Round "7"]
[White "Martin, Mike"]
[Black "Syrov, Arkadi"]
[Result "0-1"]
[WhiteElo "2078"]
[BlackElo "1955"]
[PlyCount "54"]
[EventDate "2013.??.??"]
[EventType "tourn"]
[EventRounds "9"]
[EventCountry "GER"]
[SourceTitle "EXT 2014"]
[Source "ChessBase"]
[SourceDate "2013.11.20"]
[SourceVersion "1"]
[SourceVersionDate "2013.11.20"]
[SourceQuality "1"]

1. e4 e5 2. Nf3 Nc6 3. Bb5 f5 4. 0-0 fxe4 5. Bxc6 dxc6 6. Nxe5 Nf6 7. d4 exd3 8. Qxd3 Qxd3 9. Nxd3 Be7 10. Re1 Bf5 11. Nc3 Bxd3 12. cxd3 Rd8 13. Be3 Kf7 14. Rad1 Rhe8 15. Kf1 Nd5 16. Ne4 Bb4 17. Re2 Rxe4 18. a3 Be7 19. dxe4 Nxe3+ 20. Rxe3 Rxd1+ 21. Ke2 Rb1 22. Rb3 b6 23. Kd2 Bc5 24. Rf3+ Ke6 25. b4 Bd6 26. g3 c5 27. Re3 cxb4 0-1

[Event "Zweibruecken PSB-ch MAT2 82nd"]
[Site "Zweibruecken"]
[Date "2013.03.24"]
[Round "4"]
[White "Martin, Mike"]
[Black "Yakovenko, Denis"]
[Result "1-0"]
[WhiteElo "2078"]
[BlackElo "1994"]
[PlyCount "89"]
[EventDate "2013.??.??"]
[EventType "tourn"]
[EventRounds "9"]
[EventCountry "GER"]
[SourceTitle "EXT 2014"]
[Source "ChessBase"]
[SourceDate "2013.11.20"]
[SourceVersion "1"]
[SourceVersionDate "2013.11.20"]
[SourceQuality "1"]

1. e4 d6 2. Nc3 Nf6 3. d4 g6 4. f4 Bg7 5. Nf3 0-0 6. e5 Nfd7 7. h4 c5 8. e6 fxe6 9. h5 Nc6 10. hxg6 hxg6 11. Bd3 Rf6 12. Ne4 Qe8 13. Nxf6+ exf6 14. c3 cxd4 15. cxd4 Nb4 16. Bb1 Nd5 17. Qe2 Qf7 18. Bd2 b6 19. Bd3 Bb7 20. 0-0-0 a5 21. Kb1 Nb4 22. Bxb4 axb4 23. Bc4 d5 24. Bb5 Nf8 25. Rc1 Qe7 26. Qc2 Ba6 27. Bxa6 Rxa6 28. Qc7 Qe8 29. Qc6 Qb8 30. Qc8 Ra8 31. Qxb8 Rxb8 32. Rc7 e5 33. fxe5 Ne6 34. Re7 Nf4 35. g3 Nh5 36. g4 Ng3 37. Rg1 Ne2 38. Re1 Bf8 39. Re6 Nf4 40. Rxf6 Nd3 41. Rh1 Rc8 42. Rxg6+ Kf7 43. Rf6+ Ke7 44. Rh7+ Ke8 45. Rxf8+ 1-0